000 00692nam a2200289Ia 4500
005 20260324132650.0
008 008 260324s9999 xx 000 0 eng d
020 _a9781315175263
037 _aEBOOK
040 _aCRL
040 _beng
040 _cCRL
041 _2eng
041 _aeng
084 _qCRL
100 _aKeith Park
_91190153
245 0 _aInteractive Storytelling
245 0 _bDeveloping Inclusive Stories for Children and Adults
260 _bTaylor and Francis
260 _c2004
365 _a
365 _b200
856 _uhttp://www.taylorfrancis.com/books/9781315175263
942 _cEBOOK
999 _c1788455
_d1788455